Symmetry and structure : (Record no. 4375)

MARC details
000 -LEADER
fixed length control field 01399nac a22003611i 4500
003 - CONTROL NUMBER IDENTIFIER
control field EG-ScBUE
005 - DATE AND TIME OF LATEST TRANSACTION
control field 20250727094056.0
008 - FIXED-LENGTH DATA ELEMENTS--GENERAL INFORMATION
fixed length control field 250714t1995 enka f b 001 0 eng d
020 ## - INTERNATIONAL STANDARD BOOK NUMBER
International Standard Book Number 0471954764 (paper)
020 ## - INTERNATIONAL STANDARD BOOK NUMBER
International Standard Book Number 9780471954767
040 ## - CATALOGING SOURCE
Original cataloging agency EG-ScBUE
Language of cataloging eng
Description conventions rda
Transcribing agency EG-ScBUE
Modifying agency EG-ScBUE
082 04 - DEWEY DECIMAL CLASSIFICATION NUMBER
Classification number 541.22
Item number KET
Edition number 22
100 1# - MAIN ENTRY--PERSONAL NAME
Personal name Kettle, S. F. A.
Fuller form of name (Sidney Francis Alan),
Relator term author.
245 10 - TITLE STATEMENT
Title Symmetry and structure :
Remainder of title (readable group theory for chemists) /
Statement of responsibility, etc Sidney F. A. Kettle, University of East Anglia, Norwich, England and Royal Military College, Kingston, Ontario, Canada.
250 ## - EDITION STATEMENT
Edition statement Second edition.
264 #1 - PUBLICATION, DISTRIBUTION, ETC. (IMPRINT)
Place of publication, distribution, etc Chichester :
Name of publisher, distributor, etc John Wiley & Sons,
Date of publication, distribution, etc [1995]
264 #4 - PUBLICATION, DISTRIBUTION, ETC. (IMPRINT)
Date of publication, distribution, etc c1995
300 ## - PHYSICAL DESCRIPTION
Extent xii, 416 pages :
Other physical details illustrations ;
Dimensions 24 cm
336 ## - CONTENT TYPE
Source rdacontent
Content type term text
Content type code txt
337 ## - MEDIA TYPE
Media type term unmediated
Source rdamedia
Media type code n
338 ## - CARRIER TYPE
Carrier type term volume
Carrier type code nc
Source rdacarrier
500 ## - GENERAL NOTE
General note Includes Appendices.<br/>
504 ## - BIBLIOGRAPHY, ETC. NOTE
Bibliography, etc Includes bibliographical references and index.<br/>
650 #7 - SUBJECT ADDED ENTRY--TOPICAL TERM
Topical term or geographic name as entry element Chemical structure.
Source of heading or term BUEsh
650 #7 - SUBJECT ADDED ENTRY--TOPICAL TERM
Topical term or geographic name as entry element Symmetry (Physics)
Source of heading or term BUEsh
650 #7 - SUBJECT ADDED ENTRY--TOPICAL TERM
Topical term or geographic name as entry element Group theory.
Source of heading or term BUEsh
650 #7 - SUBJECT ADDED ENTRY--TOPICAL TERM
Topical term or geographic name as entry element Chemical bonds.
Source of heading or term BUEsh
650 #7 - SUBJECT ADDED ENTRY--TOPICAL TERM
Topical term or geographic name as entry element Molecules.
Source of heading or term BUEsh
655 ## - INDEX TERM--GENRE/FORM
Form subdivision Reading book
856 42 - ELECTRONIC LOCATION AND ACCESS
Materials specified Publisher description
Uniform Resource Identifier <a href="http://www.loc.gov/catdir/description/wiley031/94039498.html">http://www.loc.gov/catdir/description/wiley031/94039498.html</a>
856 42 - ELECTRONIC LOCATION AND ACCESS
Materials specified Table of Contents
Uniform Resource Identifier <a href="http://www.loc.gov/catdir/toc/onix01/94039498.html">http://www.loc.gov/catdir/toc/onix01/94039498.html</a>
942 ## - ADDED ENTRY ELEMENTS (KOHA)
Koha item type Book - Borrowing
Source of classification or shelving scheme Dewey Decimal Classification
Holdings
Withdrawn status Lost status Source of classification or shelving scheme Damaged status Not for loan Collection code Home library Current library Shelving location Date acquired Source of acquisition Total Checkouts Full call number Barcode Date last seen Koha item type
    Dewey Decimal Classification     Baccah Central Library Central Library First floor 07/09/2005 Purchase   541.22 KET 000005171 15/07/2025 Book - Borrowing